• 首页
  • 本馆介绍
  • 公告通知
  • 最新文献
  • 馆藏检索
  • 电子资源
  • 读者导购
  • 参考咨询
  • 我的图书馆
  • 登录
  • 详细信息显示
  • 放入我的书架
  • 预约/预借图书
  • 作者相关作品
  • 分类相关作品
  • 丛书相关作品
  • 出版社相关作品

书目信息

  • 表格格式
  • 工作单格式
  • 卡片格式
题名:
美人拉丁
    
 
作者: 陈奕云 著
分册:  
出版信息: 北京   知识出版社  2005
页数: 119页
开本: 21cm
丛书名:
单 册:
中图分类: J732.8
科图分类:
主题词: 拉丁舞--舞蹈动作 , 拉丁舞 , 舞蹈动作
电子资源:
ISBN: 7-5015-4411-5
000 00924nam0 2200289 45
001 1132145827
005 20110310102801.68
010    @a7-5015-4411-5@dCNY28.00
100    @a20110122d2005 em y0chiy0110 ea
101 0  @achi
102    @aCN@b110000
105    @aa z 000yy
106    @ar
200 1  @a美人拉丁@AMei Ren La Ding@dV-Latin@f陈奕云著@FChen Yi Yun Zhu@zeng
210    @a北京@c知识出版社@d2005
215    @a119页@c图@d21cm@e附光盘1片
305    @a台视文化事业股份有限公司授权出版
307    @a附光盘:ISBN 7-88750-138-5 ISRC CN-M55-05-0011-0
330    @a本书在对拉丁舞的基本知识和基础动作作了介绍的同时,还涉及了拉丁舞的一些技巧及其对健康身体的重要性。
510 1  @aV-Latin@zeng
606 0  @a拉丁舞@x舞蹈动作
606 0  @a拉丁舞
606 0  @a舞蹈动作
690    @aJ732.8@v4
701  0 @a陈奕云@AChen Yi Yun@c(女)@4著
801  0 @aCN@bTANGWEI@c20110310
905    @b0533149-53@dJ732.8@e113@f5
    
    美人拉丁=V-Latin/陈奕云著.-北京:知识出版社,2005
    119页:图;21cm+附光盘1片
    
    
    ISBN 7-5015-4411-5:CNY28.00
    本书在对拉丁舞的基本知识和基础动作作了介绍的同时,还涉及了拉丁舞的一些技巧及其对健康身体的重要性。
●
相关链接 在E读中查询图书 在五车中查询图书 在当当中查询图书 在豆瓣中查询图书


正题名:美人拉丁     索取号:J732.8/113         预约/预借

序号 登录号 条形码 馆藏地/架位号 状态 备注
1 0533149   205331498   第一样本阅览室/ [索取号:J732.8/113] 在馆    
2 0533150   205331504   第一借阅区/ [索取号:J732.8/113] 在馆    
3 0533151   205331513   第一借阅区/ [索取号:J732.8/113] 在馆    
4 0533152   205331522   第一借阅区/ [索取号:J732.8/113] 在馆    
5 0533153   205331531   第一借阅区/ [索取号:J732.8/113] 在馆    
唐山师范学院图书馆 欢迎您!
大连网信软件有限公司© 版权所有